Normal view
MARC view
- الاقتصاد الاسلامي- الانتاج الزراعي- جوانب اقتصادية
Entry Topical Term
001 - CONTROL NUMBER
- control field: 32118
003 - CONTROL NUMBER IDENTIFIER
- control field: JO-AjAnu
005 - DATE AND TIME OF LATEST TRANSACTION
- control field: 20230606075412.0
008 - FIXED-LENGTH DATA ELEMENTS
- fixed length control field: 230606|| aca||aabn | a|a d
040 ## - CATALOGING SOURCE
- Original cataloging agency: JO-AjAnu
- Transcribing agency: JO-AjAnu
150 ## - HEADING--TOPICAL TERM
- Topical term or geographic name entry element: الاقتصاد الاسلامي- الانتاج الزراعي- جوانب اقتصادية
670 ## - SOURCE DATA FOUND
- Source citation: Work cat.: (JO-AjAnu)16497: النمري، خلف بن سليمان بن صالح, author 32117, الخصائص والقواعد الأساسية للإقتصاد الزراعي في الإقتصاد الإسلامي